Las mujeres de ningunaparte (Registro nro. 325025)

Detalles MARC
000 -ENCABEZADO
Número de control [NR] 01656nam a22003497a 4500
005 - FECHA Y HORA DE LA ÚLTIMA TRANSACCIÓN
control field 20241118083223.0
008 - DE LONGITUD FIJA DE DATOS DE ELEMENTOS - INFORMACIÓN GENERAL
Elementos de longitud fija [NR] 241118t ||||| |||| 00| 0 spa d
020 ## - NUMERO INTERNACIONAL NORMALIZADO PARA LIBROS [R]
Número Internacional Normalizado del libro [NR] 9789585004047 (impreso)
020 ## - NUMERO INTERNACIONAL NORMALIZADO PARA LIBROS [R]
Número Internacional Normalizado del libro [NR] 9789585004054 (digital)
040 ## - FUENTE DE CATALOGACION [NR]
Agencia de catalogación original [NR] CO-BoUCM
Quien Cataloga David Moreno
Quien Clasifica David Moreno
041 ## - CODIGO DE IDIOMA [R]
Código de idioma para texto/pista de sonido o título separado [R] Español
100 1# - ASIENTO PRINCIPAL--NOMBRE PERSONAL [NR]
Nombre personal [NR] Garzón Ospina, Luz Alexandra
ID Autoridad 183782
245 14 - MENCION DE TITULO [NR]
Título [NR] Las mujeres de ningunaparte
Parte restante del título [NR] Voces del asilo de locas de Bogotá, 1930-1950
Mención de responsabilidad, etc. [NR] Luz Alexandra Garzón Ospina
246 ## - FORMA VARIANTE DEL TITULO [R]
Título propiamente dicho/forma breve del título [NR] Las mujeres de ninguna parte
250 ## - MENCION DE EDICION [NR]
Mención de edición [NR] 1a. Ed
260 ## - PUBLICACION, DISTRIBUCION, ETC. (PIE DE IMPRENTA) [R]
Lugar de publicación, distribución, etc. [R] Bogotá, Colombia
Nombre del editor, distribuidor, etc. [R] Editorial Universidad del Rosario
Fecha de publicación, distribución, etc. [R] 2024
300 ## - DESCRIPCION FISICA [R]
Extensión [R] 346 Paginas
Otros detalles físicos [NR] ilustraciones, disgramas y fotografias
504 ## - NOTA DE BIBLIOGRAFIA, ETC. [R]
Nota de bibliografía, etc. [NR] Incluye referencias bibliográficas
650 14 - ASIENTO SECUNDARIO DE MATERIA - TERMINO TEMATICO [R]
Término temático o nombre geográfico como elemento de entrada [NR] Asilo de locas de Bogotá
Subdivisión general [R] Aspectos sociologicos
Subdivisión geográfica [R] Bogotá, Colombia
9 (RLIN) 183783
650 14 - ASIENTO SECUNDARIO DE MATERIA - TERMINO TEMATICO [R]
Término temático o nombre geográfico como elemento de entrada [NR] Asilo de locas de Bogotá
Subdivisión general [R] Historia
Subdivisión cronológica [R] 1930-1950
9 (RLIN) 183784
650 14 - ASIENTO SECUNDARIO DE MATERIA - TERMINO TEMATICO [R]
Término temático o nombre geográfico como elemento de entrada [NR] Mujeres
Subdivisión general [R] Salud mental
Subdivisión geográfica [R] Bogotá, Colombia
9 (RLIN) 183785
650 14 - ASIENTO SECUNDARIO DE MATERIA - TERMINO TEMATICO [R]
Término temático o nombre geográfico como elemento de entrada [NR] Mujeres
Subdivisión general [R] Asistencia institucional
Subdivisión geográfica [R] Bogotá, Colombia
9 (RLIN) 183786
650 14 - ASIENTO SECUNDARIO DE MATERIA - TERMINO TEMATICO [R]
Término temático o nombre geográfico como elemento de entrada [NR] Pacientes hospitales psiquiatrico
Subdivisión general [R] Reclusión
Subdivisión cronológica [R] Siglo xx
9 (RLIN) 183787
650 14 - ASIENTO SECUNDARIO DE MATERIA - TERMINO TEMATICO [R]
Término temático o nombre geográfico como elemento de entrada [NR] Transtornos mentales
Subdivisión general [R] Etnologia
-- Aspectos sociales
9 (RLIN) 183788
650 14 - ASIENTO SECUNDARIO DE MATERIA - TERMINO TEMATICO [R]
Término temático o nombre geográfico como elemento de entrada [NR] Emociones y sentimientos
Subdivisión general [R] Identidad
-- Subjectividad
9 (RLIN) 183789
650 14 - ASIENTO SECUNDARIO DE MATERIA - TERMINO TEMATICO [R]
Término temático o nombre geográfico como elemento de entrada [NR] Registros medicos
Subdivisión general [R] Archivo (Registro)
-- Alienacion (Psicologia social)
9 (RLIN) 183790
700 1# - ASIENTO SECUNDARIO - NOMBRE PERSONAL [R]
Nombre personal [NR] Lopez Sanchez, Oliva
Término de relación [R] prólogo
9 (RLIN) 183791
710 ## - ASIENTO SECUNDARIO - NOMBRE CORPORATIVO [R]
Nombre corporativo o de jurisdicción como elemento de entrada [NR] Universidad del Rosario
9 (RLIN) 28209
710 ## - ASIENTO SECUNDARIO - NOMBRE CORPORATIVO [R]
Nombre corporativo o de jurisdicción como elemento de entrada [NR] Universidad Nacional de Colombia
9 (RLIN) 3820
942 ## - ELEMENTOS DE ENTRADA AGREGADOS (KOHA)
Sistema de clasificación DEWEY
Tema principal Ciencia política
Tipo de ítem principal el descrito en 300a Libro
Edición 1
Clasificación 362.830874
Parte restante de la signatura top. G245m
Título oculto en OPAC No
Existencias
Total préstamos Signatura topográfica Código de barras Última vez visto Ejemplar Price effective from Tipo de ítem Perdido Sistema de clasificación Dañado No prestable Tipo de ítem específico Suprimido Ubicación habitual Ubicación actual Localización Fecha de creación Forma de adquisición Costo Fecha de último préstamo
  362.830874 G245m 100173424 03/12/2025 Ej.1 18/11/2024 Edición Rosarista   DEWEY     Libro Edición Rosarista   Claustro Claustro 4to piso 18/11/2024 Compra 55250.00  
  362.830874 G245m 100173423 09/12/2025 Ej.2 18/11/2024 Libro   DEWEY     Libro   Claustro Claustro 2do piso 18/11/2024 Compra 55250.00  
1 362.830874 G245m 100173422 11/12/2025 Ej.3 18/11/2024 Libro   DEWEY     Libro   Quinta de Mutis Quinta de Mutis Mezanecs 18/11/2024 Compra 55250.00 30/05/2025